| 000 | 01351nam1a2200337 i 4500 | ||
|---|---|---|---|
| 001 | RU\NLR\bibl\942628 | ||
| 005 | 20260407091913.0 | ||
| 035 | _a(NLR Aleph) 000930784 | ||
| 090 |
_a158470 _c158470 |
||
| 100 | _a20060503g20059999u y0rusy50 ca | ||
| 101 | 0 | _arus | |
| 102 | _aRU | ||
| 105 | _a||||f ||||| | ||
| 200 | 1 |
_aЭнциклопедия для детей _f[Междунар. центр обучающих систем (МЦОС), Междунар. каф. - сеть UNESCO/ICES "Техн. и проф. образование и подгот. кадров"] _gпред. ред. совета, гл. ред. Мариам Аксенова |
|
| 205 | _a[4-е изд., испр.] | ||
| 210 |
_aМосква _cАванта+ _d2005 |
||
| 215 | _d27 | ||
| 463 | 0 | _1001915010 | |
| 463 | 0 | _10011066671 | |
| 463 | 0 | _10011312782 | |
| 608 |
_aЭнциклопедии для детей _92363029 _3RU\NLR\auth\661410942 |
||
| 686 |
_aШ9 _bЯ20 |
||
| 702 | 1 |
_4340 _8rus _7ca _aАксенова _bМ. _f1969- _gМариам _3RU\NLR\auth\7737734 _920722 |
|
| 712 | 0 | 2 |
_4570 _aМеждународный центр обучающих систем _3RU\NLR\AUTH\8810049648 _9599421 |
| 801 | 0 |
_aRU _bNLR _c20060503 _grcr |
|
| 801 | 1 |
_aRU _bNLR _c20060503 |
|
| 852 |
_aNLR _jС 2006-4/21 |
||
| 942 | _cBOOK | ||